00338pab a2200133 454500008004000000100001300040245005800053260000900111300001200120362001000132650002700142650002000169773001500189180718b1995 xxu||||| |||| 00| 0 eng d aAdil Ali aMedia and ecologybhow public opinion is manipulated. c1995 ap.14-16 a8 Jul aEnvironmental sciences aEcology - India aMainstream